000 03510nam a22003377a 4500
001 TIC 0040
003 gtcocun
005 20250922163013.0
006 a||||gr|||| 00| 0
007 ta
008 250922b2024 gt ||||| m||| 00| 0 eng d
040 _agtcocun
_bSPA
_cgtcocun
_eRDA
041 _aSPA TIC 0040
084 _0TIC 0040
100 _aPinula Martínez, Julio Nery Esteban
_eAutor
245 _aINFORME FINAL DEL EJERCICIO PROFESIONAL SUPERVISADO, DISEÑO Y PLANIFICACIÓN DE EDIFICIO ESCOLAR DE DOS NIVELES ALDEA TANCHÍ, REGIÓN TANCHÍ, SAN PEDRO CARCHÁ, ALTA VERAPAZ, DISEÑO Y PLANIFICACIÓN DE CAMINO RURAL ALDEA CERRO LINDO SAQUIAC, REGIÓN CHELAC, SAN PEDRO CARCHÁ, ALTA VERAPAZ./
_cJulio Nery Esteban Pinula Martínez.
_hImpreso
264 _aCobán, Alta Verapaz:
_bUniversidad de San Carlos de Guatemala, Centro Universitario del Norte, Ingeniería Civil
_c2024
300 _a283 p.:
_bIlustraciones, gráficas.
_c28 cm;
300 _cPDF
336 _2rdacontenido
_aTexto
_btxt
337 _2rdamedio
_aComputadora
_bn
338 _2rdasoporte
_aCódigo en línea
_bcr
502 _eTIC 0040
502 _aTesis de grado
_bIngeniería Civil,
_cUniversidad de San Carlos de Guatemala, Centro Universitario del Norte, Ingeniería Civil
_d2024
_oTIC 0040
520 1 4 _aEn el presente informe, se destacan los estudios técnicos realizados durante el periodo del Ejercicio Profesional Supervisado en la Municipalidad de San Pedro Carchá, del departamento de Alta Verapaz. Mediante la investigación y programación se intervino en dos estudios técnicos, tales como, el Diseño y Planificación de Edificio Escolar de 2 niveles, aldea Tanchí, región Tanchí y de Camino Rural, aldea Cerro Lindo Saquiac, región Chelac, ambos del municipio de San Pedro Carchá. La primera intervención realizada fue del Diseño y Planificación de Edificio Escolar de 2 niveles, el cual cuenta con un área de construcción de 676.62 metros cuadrados, con un sistema estructural de marcos rígidos de concreto armado, los cuales son resistentes a momentos y acciones sísmicas, se realizó el diseño de los elementos estructurales, estos con base al análisis estructural y complementado con el diseño de instalaciones. La segunda intervención realizada fue la del Diseño y Planificación de Camino Rural, este cuenta con una longitud total de 2 714 metros, con una sección típica F, tal proyecto fue de apertura, para su correcta elaboración, se realizaron visitas de campo para definir la topografía, dar inicio al diseño geométrico y complementarlo con la estabilización de la sub rasante y el chequeo del material de balasto. Con el fin de conformar los proyectos mencionados con anterioridad, se realizó el presupuesto, cronogramas de ejecución y juego de planos. Finalizado los estudios técnicos es posible redargüir que es necesario el contrastar la teoría con la práctica, esto con el fin de elaborar estudios eficientes, que, en los presentes casos, beneficiaron a los pobladores de las comunidades de San Pedro Carchá, y se gener un avance en su desarrollo.
650 1 4 _2LEMB
_aSan Pedro Carchá, Alta Verapaz.
_xIngeniería
_xTécnicos
_xDiseño
_xPlanificación
_xEdificio
_xCamino
700 _aIng. Civil. Jorge Haroldo Dubón Xitumul
_eAsesor
856 _uhttps://drive.google.com/file/d/1u4zxxrJCh_eposL_lTm5sBwlElVE1GaZ/view
_yPDF
_zUn ejemplar en línea.
942 _2ddc
_cTES
_iTIC 0040
_kClasificación
_n0
_6TIC_0040_000000000000000
999 _c2034
_d2034